Introduction to unix and shell programming (Record no. 187630)

MARC details
000 -LEADER
fixed length control field 00442nam a2200157Ia 4500
005 - DATE AND TIME OF LATEST TRANSACTION
control field 20241223165201.0
008 - FIXED-LENGTH DATA ELEMENTS--GENERAL INFORMATION
fixed length control field 231217s9999 xx 000 0 und d
020 ## - INTERNATIONAL STANDARD BOOK NUMBER
International Standard Book Number 9788177587456
082 ## - DEWEY DECIMAL CLASSIFICATION NUMBER
Classification number 001.6424UNI VEN;2 R1
100 ## - MAIN ENTRY--PERSONAL NAME
Personal name Venkateshmurthy, M G.
245 #0 - TITLE STATEMENT
Title Introduction to unix and shell programming
260 ## - PUBLICATION, DISTRIBUTION, ETC. (IMPRINT)
Date of publication, distribution, etc. 2006
Name of publisher, distributor, etc. Dorling Kindersley
Place of publication, distribution, etc. New Delhi
300 ## - PHYSICAL DESCRIPTION
Extent xvi, 375
650 ## - SUBJECT ADDED ENTRY--TOPICAL TERM
Topical term or geographic name as entry element unix,shell,programming
942 ## - ADDED ENTRY ELEMENTS (KOHA)
Koha item type Books
Holdings
Date last seen Total Checkouts Full call number Accession number Old discount Cost, replacement price Price effective from Category Lost status Damaged status Department Withdrawn status bill no. bill date Permanent Location Current Location Shelving location Entry date Vendor Cost, normal purchase price Grants Currency symbol Conversion rate Discount Discount type Total Renewals Date checked out
26/01/2024   001.6424UNI VEN;2 R1 68789 28 234.00 26/01/2024 Books     Central Library   60089 25/02/2014 Central Library Central Library Central Library 27/08/2010 Book Paradise 325.00 MCA RS 1 91 Rupees    
26/01/2024   001.6424UNI VEN;3 68790 28 234.00 26/01/2024 Books     Central Library   60089 25/02/2014 Central Library Central Library Central Library 27/08/2010 Book Paradise 325.00 MCA RS 1 91 Rupees    
26/01/2024   001.6424UNI VEN;5 84148 29 301.75 26/01/2024 Books     MCA   71711 29/12/2018 Central Library Central Library MCA 12/02/2013 Book Paradise 425.00 MCA RS 1 123.25 Rupees    
30/07/2024 1 001.6424UNI VEN;6 84149 29 301.75 26/01/2024 Books     Central Library   71711 01/08/2019 Central Library Central Library Central Library 12/02/2013 Book Paradise 425.00 MCA RS 1 123.25 Rupees 1 02/04/2024
26/01/2024   001.6424UNI VEN;7 84150 29 301.75 26/01/2024 Books     Central Library   71711 17/01/2019 Central Library Central Library Central Library 12/02/2013 Book Paradise 425.00 MCA RS 1 123.25 Rupees    
25/04/2024 1 001.6424UNI VEN;8 84151 29 301.75 26/01/2024 Books     Central Library   71711 14/01/2019 Central Library Central Library Central Library 12/02/2013 Book Paradise 425.00 MCA RS 1 123.25 Rupees   02/04/2024
26/01/2024   001.6424UNI VEN;9 84152 29 301.75 26/01/2024 Books     Central Library   71711 14/01/2019 Central Library Central Library Central Library 12/02/2013 Book Paradise 425.00 MCA RS 1 123.25 Rupees    

© For any Suggestions or Query, please contact the library staff @ librarian@pes.edu or Phone: +9180 2672 1983/ 2108.